[Event "RUS-ch"]
[Site "Elista"]
[Date "1995.??.??"]
[Round "1"]
[White "Geller, Efim P"]
[Black "Ibragimov, Ildar"]
[Result "0-1"]
[WhiteElo "2465"]
[BlackElo "2580"]
[PlyCount "50"]
[EventDate "1995.10.??"]
[EventType "swiss"]
[EventRounds "11"]
[EventCountry "RUS"]
[SourceTitle "CBM 050"]
[Source "ChessBase"]
[SourceDate "1996.02.01"]
[SourceVersion "1"]
[SourceVersionDate "1996.02.01"]
[SourceQuality "1"]

1. e4 e5 2. Nf3 Nc6 3. Bb5 a6 4. Ba4 Nf6 5. 0-0 Be7 6. Re1 b5 7. Bb3 d6 8. c3 0-0 9. h3 Re8 10. d4 Bb7 11. Nbd2 Bf8 12. Bc2 g6 13. d5 Nb8 14. Nf1 c6 15. dxc6 Bxc6 16. Ng3 Nbd7 17. Be3 Nc5 18. Nd2 d5 19. Qf3 Nfxe4 20. Ndxe4 dxe4 21. Nxe4 f5 22. Bxc5 Bxc5 23. Rad1 fxe4 24. Bxe4 Bxe4 25. Qxe4 Qb6 0-1

[Event "Moscow2"]
[Site "Moscow"]
[Date "1995.??.??"]
[Round "?"]
[White "Geller, Efim P"]
[Black "Serper, Grigory"]
[Result "0-1"]
[WhiteElo "2465"]
[BlackElo "2585"]
[PlyCount "66"]
[EventDate "1995.04.??"]
[EventType "tourn"]
[EventRounds "9"]
[EventCountry "RUS"]
[EventCategory "11"]
[SourceTitle "CBM 047"]
[Source "ChessBase"]
[SourceDate "1995.08.01"]
[SourceVersion "1"]
[SourceVersionDate "1995.08.01"]
[SourceQuality "1"]

1. e4 c5 2. Nf3 d6 3. d4 cxd4 4. Nxd4 Nf6 5. Nc3 Nc6 6. Be2 g6 7. Be3 Bg7 8. 0-0 0-0 9. Qd2 Bd7 10. Rad1 Rc8 11. f4 a6 12. Kh1 b5 13. Bf3 Qc7 14. Nb3 b4 15. Nd5 Nxd5 16. exd5 Na5 17. Bd4 Nc4 18. Qxb4 Bxd4 19. Nxd4 Ne3 20. Qd2 Nxf1 21. Rxf1 Qc4 22. Re1 Qxa2 23. b3 Rfe8 24. h3 Qb2 25. Re3 a5 26. Bg4 Bxg4 27. hxg4 a4 28. bxa4 Rc4 29. Nc6 Rxc2 30. Qd4 Qxd4 31. Nxd4 Rc4 32. Nc6 Rxa4 33. f5 Kf8 0-1

[Event "Moscow2"]
[Site "Moscow"]
[Date "1995.??.??"]
[Round "?"]
[White "Geller, Efim P"]
[Black "Sveshnikov, Evgeny"]
[Result "1/2-1/2"]
[WhiteElo "2465"]
[BlackElo "2560"]
[PlyCount "64"]
[EventDate "1995.04.??"]
[EventType "tourn"]
[EventRounds "9"]
[EventCountry "RUS"]
[EventCategory "11"]
[SourceTitle "CBM 047"]
[Source "ChessBase"]
[SourceDate "1995.08.01"]
[SourceVersion "1"]
[SourceVersionDate "1995.08.01"]
[SourceQuality "1"]

1. e4 c5 2. Nf3 Nc6 3. d4 cxd4 4. Nxd4 e5 5. Nb5 d6 6. Nd2 Nf6 7. Be2 Be6 8. 0-0 Be7 9. c4 0-0 10. Re1 Rc8 11. Bf1 a6 12. Nc3 Nd4 13. Nb3 Nxb3 14. axb3 Ne8 15. Nd5 Bg5 16. Bxg5 Qxg5 17. b4 f5 18. exf5 Rxf5 19. Ra3 Qd8 20. Rg3 Rf7 21. b3 Nf6 22. Nxf6+ Rxf6 23. Qd2 Qc7 24. Rd3 Bf7 25. Qe3 h6 26. Rd2 b5 27. cxb5 axb5 28. Bxb5 Rb8 29. Bd3 Rxb4 30. Rc2 Qb8 31. Rec1 Be6 32. Bc4 Bxc4 1/2-1/2

[Event "Moscow2"]
[Site "Moscow"]
[Date "1995.??.??"]
[Round "?"]
[White "Geller, Efim P"]
[Black "Vasiukov, Evgeni"]
[Result "1/2-1/2"]
[WhiteElo "2465"]
[BlackElo "2490"]
[PlyCount "94"]
[EventDate "1995.04.??"]
[EventType "tourn"]
[EventRounds "9"]
[EventCountry "RUS"]
[EventCategory "11"]
[SourceTitle "CBM 047"]
[Source "ChessBase"]
[SourceDate "1995.08.01"]
[SourceVersion "1"]
[SourceVersionDate "1995.08.01"]
[SourceQuality "1"]

1. e4 e5 2. Nf3 Nc6 3. Bb5 Nf6 4. 0-0 Bc5 5. Nxe5 Nxe4 6. Qe2 Nxe5 7. d4 Be7 8. dxe5 Nc5 9. Nc3 c6 10. Bc4 0-0 11. Be3 d5 12. exd6 Qxd6 13. Rad1 Qg6 14. Bf4 Be6 15. Rfe1 Rae8 16. Bg3 Bg4 17. f3 Bf5 18. Qf2 b6 19. Rxe7 Rxe7 20. Bd6 Ree8 21. Bxf8 Kxf8 22. b4 Qf6 23. Qd4 Qxd4+ 24. Rxd4 Ne6 25. Rd6 Rc8 26. g4 Bxc2 27. Bxe6 fxe6 28. Rxe6 Kf7 29. Re2 Bd3 30. Rd2 Rd8 31. Kf2 Ke7 32. Ke3 Bc4 33. Rxd8 Kxd8 34. Kd4 Be6 35. Ke5 Ke7 36. a3 g5 37. Ne4 h6 38. h3 Bd5 39. Nd2 Be6 40. f4 gxf4 41. Kxf4 Bd5 42. h4 c5 43. bxc5 bxc5 44. Ke5 Bg2 45. Kf4 Bd5 46. g5 hxg5+ 47. Kxg5 Kf7 1/2-1/2

[Event "RUS-ch"]
[Site "Elista"]
[Date "1995.??.??"]
[Round "3"]
[White "Yakovich, Yuri"]
[Black "Geller, Efim P"]
[Result "1-0"]
[WhiteElo "2560"]
[BlackElo "2465"]
[PlyCount "45"]
[EventDate "1995.10.??"]
[EventType "swiss"]
[EventRounds "11"]
[EventCountry "RUS"]
[SourceTitle "CBM 050"]
[Source "ChessBase"]
[SourceDate "1996.02.01"]
[SourceVersion "1"]
[SourceVersionDate "1996.02.01"]
[SourceQuality "1"]

1. d4 d5 2. c4 e6 3. Nc3 Be7 4. cxd5 exd5 5. Bf4 c6 6. Qc2 g6 7. e3 Bf5 8. Qd2 Nd7 9. f3 g5 10. Bg3 h5 11. e4 dxe4 12. fxe4 Bg6 13. Bd3 h4 14. Bf2 Nf8 15. 0-0-0 Qa5 16. Nf3 Bh5 17. d5 h3 18. Bd4 Rh6 19. Rhg1 hxg2 20. Be2 Ng6 21. Rxg2 Nf4 22. Qxf4 gxf4 23. Rxg8+ 1-0

[Event "Tiraspol"]
[Site "Tiraspol"]
[Date "1994.??.??"]
[Round "3"]
[White "Geller, Efim P"]
[Black "Arbakov, Valentin"]
[Result "1/2-1/2"]
[WhiteElo "2490"]
[BlackElo "2575"]
[PlyCount "94"]
[EventDate "1994.??.??"]
[EventType "tourn"]
[EventRounds "9"]
[EventCountry "MDA"]
[EventCategory "10"]
[SourceTitle "CBM 040"]
[Source "ChessBase"]
[SourceDate "1994.06.01"]
[SourceVersion "1"]
[SourceVersionDate "1994.06.01"]
[SourceQuality "1"]

1. e4 c5 2. Nf3 d6 3. d4 cxd4 4. Nxd4 Nf6 5. Nc3 Nc6 6. Be2 g6 7. Be3 Bg7 8. 0-0 0-0 9. Qd2 Nxd4 10. Bxd4 Be6 11. Rfe1 Qa5 12. Rad1 Rfc8 13. Bf1 a6 14. Nd5 Qxd2 15. Rxd2 Bxd5 16. exd5 Kf8 17. c4 b5 18. b3 bxc4 19. Bxc4 Ne8 20. Bxg7+ Nxg7 21. g4 Ra7 22. Re3 Ne8 23. Rd4 Nf6 24. g5 Nh5 25. Be2 Ng7 26. Rg3 Rc1+ 27. Kg2 Rc2 28. Bg4 Kg8 29. Rb4 Ra8 30. Re3 Rxa2 31. Rxe7 Rd2 32. Rbb7 Rf8 33. Be6 Nxe6 34. dxe6 Rd5 35. h4 Re5 36. exf7+ Kg7 37. Red7 a5 38. Rxd6 Rxf7 39. Rxf7+ Kxf7 40. Rd7+ Kg8 41. Rb7 Re4 42. Kg3 a4 43. f3 Rd4 44. bxa4 Rxa4 45. Re7 Rb4 46. Re4 Rb5 47. Kg4 h6 1/2-1/2

[Event "Tiraspol"]
[Site "Tiraspol"]
[Date "1994.??.??"]
[Round "9"]
[White "Geller, Efim P"]
[Black "Vasiukov, Evgeni"]
[Result "1-0"]
[WhiteElo "2490"]
[BlackElo "2505"]
[PlyCount "91"]
[EventDate "1994.??.??"]
[EventType "tourn"]
[EventRounds "9"]
[EventCountry "MDA"]
[EventCategory "10"]
[SourceTitle "CBM 040"]
[Source "ChessBase"]
[SourceDate "1994.06.01"]
[SourceVersion "1"]
[SourceVersionDate "1994.06.01"]
[SourceQuality "1"]

1. e4 e5 2. Nf3 Nc6 3. Bb5 a6 4. Ba4 Nf6 5. 0-0 Be7 6. Re1 b5 7. Bb3 d6 8. c3 0-0 9. h3 Na5 10. Bc2 c5 11. d4 Bb7 12. Nbd2 cxd4 13. cxd4 exd4 14. Nxd4 Re8 15. b4 Nc6 16. Nxc6 Bxc6 17. Bb2 Rc8 18. Bb3 Bd7 19. Nf3 Be6 20. Bxe6 fxe6 21. Qb3 Bf8 22. Rad1 Nd7 23. Qd3 Rc4 24. a3 Qc8 25. Bd4 e5 26. Be3 Nf6 27. Bg5 Rc3 28. Qe2 Qc4 29. Qxc4+ bxc4 30. Bxf6 gxf6 31. Rc1 Rxa3 32. Rxc4 Ra4 33. Rc6 Rb8 34. Nh4 Rbxb4 35. Nf5 Rxe4 36. Rb1 Ra2 37. Rc8 Rf4 38. Nh6+ Kg7 39. Ng4 h5 40. Rb7+ Kg6 41. Ne3 Rfxf2 42. Rxf8 f5 43. Rg8+ Kf6 44. Nd5+ Ke6 45. Nc3 e4 46. Re8+ 1-0

[Event "St Petersburg op"]
[Site "St Petersburg"]
[Date "1994.??.??"]
[Round "3"]
[White "Geller, Efim P"]
[Black "Zakharevich, Igor"]
[Result "1/2-1/2"]
[WhiteElo "2490"]
[BlackElo "2395"]
[PlyCount "71"]
[EventDate "1994.02.??"]
[EventType "swiss"]
[EventRounds "9"]
[EventCountry "RUS"]
[SourceTitle "CBM 041"]
[Source "ChessBase"]
[SourceDate "1994.08.01"]
[SourceVersion "1"]
[SourceVersionDate "1994.08.01"]
[SourceQuality "1"]

1. e4 d6 2. d4 Nf6 3. Nc3 g6 4. g3 Bg7 5. Bg2 0-0 6. Nge2 e5 7. h3 c6 8. 0-0 b5 9. Be3 Bb7 10. dxe5 dxe5 11. Bc5 Qxd1 12. Rfxd1 Re8 13. a4 Na6 14. Be3 b4 15. Nb1 Nc7 16. Nd2 Ba6 17. Nc1 Ne6 18. Nd3 Bxd3 19. cxd3 c5 20. Rac1 Bf8 21. Nc4 Nd4 22. Bxd4 cxd4 23. f4 Nd7 24. h4 f6 25. fxe5 fxe5 26. a5 Nc5 27. Kf1 Rac8 28. Bh3 Rc7 29. Nd2 Bh6 30. Ke2 Rf8 31. Rc4 Be3 32. Nf3 Kh8 33. Rf1 Nxe4 34. Rxc7 Nxg3+ 35. Ke1 Nxf1 36. Nxe5 1/2-1/2

[Event "Women-Veterans"]
[Site "Vienna"]
[Date "1993.??.??"]
[Round "?"]
[White "Chiburdanidze, Maia"]
[Black "Geller, Efim P"]
[Result "0-1"]
[WhiteElo "2510"]
[BlackElo "2515"]
[PlyCount "68"]
[EventDate "1993.06.??"]
[EventType "schev"]
[EventRounds "6"]
[EventCountry "AUT"]
[SourceTitle "TD"]
[Source "ChessBase"]
[SourceDate "1994.03.01"]
[SourceVersion "1"]
[SourceVersionDate "1994.03.01"]
[SourceQuality "1"]

1. d4 d5 2. c4 e6 3. Nc3 Be7 4. Nf3 Nf6 5. Qc2 0-0 6. Bg5 c5 7. dxc5 Qa5 8. cxd5 exd5 9. Nd4 Qxc5 10. Nb3 Qd6 11. e3 Nc6 12. Rd1 Be6 13. Be2 Rac8 14. 0-0 h6 15. Bf4 Qb4 16. a3 Qb6 17. Na4 Na5 18. Nbc5 Qc6 19. b4 b6 20. Ba6 bxc5 21. Bxc8 Rxc8 22. bxa5 Qb5 23. Rb1 Qxa5 24. Rb7 Bf8 25. Rfb1 d4 26. exd4 cxd4 27. Qd1 Nd5 28. Qxd4 Nxf4 29. Qxf4 Rc4 30. Qe3 Qxa4 31. Rxa7 Qc2 32. Rf1 Bc5 33. Ra8+ Kh7 34. Qe5 Qxf2+ 0-1

[Event "Women-Veterans"]
[Site "Vienna"]
[Date "1993.??.??"]
[Round "?"]
[White "Galliamova, Alisa"]
[Black "Geller, Efim P"]
[Result "0-1"]
[WhiteElo "2445"]
[BlackElo "2515"]
[PlyCount "60"]
[EventDate "1993.06.??"]
[EventType "schev"]
[EventRounds "6"]
[EventCountry "AUT"]
[SourceTitle "TD"]
[Source "ChessBase"]
[SourceDate "1994.03.01"]
[SourceVersion "1"]
[SourceVersionDate "1994.03.01"]
[SourceQuality "1"]

1. d4 d5 2. c4 e6 3. Nc3 Be7 4. Nf3 Nf6 5. Qc2 c5 6. dxc5 d4 7. Nb5 Bxc5 8. Bf4 e5 9. Bxe5 Bb4+ 10. Nd2 Nc6 11. Bxd4 Nxd4 12. Nxd4 0-0 13. e3 Bxd2+ 14. Qxd2 Ne4 15. Qb4 Qf6 16. Nf3 Bg4 17. Be2 Rad8 18. c5 Rfe8 19. Rd1 Bxf3 20. gxf3 a5 21. Rxd8 Qxd8 22. Qd4 Qxd4 23. exd4 Ng5 24. Kd2 Ne6 25. Bd3 Nxd4 26. Be4 Re7 27. Rc1 f5 28. Bd5+ Kf8 29. Kd3 Ne2 30. Rc4 g5 0-1

[Event "Women-Veterans"]
[Site "Vienna"]
[Date "1993.??.??"]
[Round "?"]
[White "Geller, Efim P"]
[Black "Polgar, Sofia"]
[Result "1-0"]
[WhiteElo "2515"]
[BlackElo "2415"]
[PlyCount "77"]
[EventDate "1993.06.??"]
[EventType "schev"]
[EventRounds "6"]
[EventCountry "AUT"]
[SourceTitle "TD"]
[Source "ChessBase"]
[SourceDate "1994.03.01"]
[SourceVersion "1"]
[SourceVersionDate "1994.03.01"]
[SourceQuality "1"]

1. e4 c5 2. Nf3 e6 3. d4 cxd4 4. Nxd4 a6 5. Be2 Qc7 6. 0-0 Nf6 7. Nc3 d6 8. a4 b6 9. f4 Bb7 10. Bf3 Nbd7 11. Qe2 e5 12. Nf5 g6 13. fxe5 dxe5 14. Nh6 Rc8 15. Kh1 Qc4 16. Qe1 Bb4 17. Bg5 Bxc3 18. bxc3 Bxe4 19. Nxf7 Kxf7 20. Bxe4 Rhf8 21. Rd1 Kg7 22. Bd3 Qxc3 23. Qh4 Nh5 24. Bd2 Qd4 25. Qe7+ Kh8 26. Rxf8+ Rxf8 27. Bh6 Rg8 28. Be2 Qf2 29. Bxa6 Nhf6 30. h3 g5 31. Rf1 Qh4 32. Rxf6 g4 33. Bg7+ Rxg7 34. Rf8+ Nxf8 35. Qxh4 gxh3 36. gxh3 Ne6 37. Bc4 Ng5 38. Qh6 Ne4 39. Qxb6 1-0

[Event "Women-Veterans"]
[Site "Vienna"]
[Date "1993.??.??"]
[Round "?"]
[White "Geller, Efim P"]
[Black "Xie, Jun"]
[Result "0-1"]
[WhiteElo "2515"]
[BlackElo "2470"]
[PlyCount "106"]
[EventDate "1993.06.??"]
[EventType "schev"]
[EventRounds "6"]
[EventCountry "AUT"]
[SourceTitle "TD"]
[Source "ChessBase"]
[SourceDate "1994.03.01"]
[SourceVersion "1"]
[SourceVersionDate "1994.03.01"]
[SourceQuality "1"]

1. e4 e5 2. Nf3 Nc6 3. Bb5 a6 4. Ba4 Nf6 5. 0-0 Be7 6. Re1 b5 7. Bb3 0-0 8. a4 Bb7 9. d3 d6 10. Nbd2 Na5 11. Ba2 c5 12. Nf1 b4 13. Ne3 Bc8 14. c3 Rb8 15. Nd2 Be6 16. Nd5 Nxd5 17. exd5 Bd7 18. Nc4 Nxc4 19. Bxc4 a5 20. cxb4 Rxb4 21. b3 Bg5 22. Bd2 Rb8 23. Qc1 Bxd2 24. Qxd2 f5 25. f4 exf4 26. Qxf4 Qf6 27. Ra2 g5 28. Qf2 f4 29. Rae2 f3 30. Re7 Rbd8 31. Qxf3 Qxf3 32. gxf3 Rxf3 33. Kg2 Rf7 34. d4 cxd4 35. Rxf7 Kxf7 36. Rd1 Re8 37. Rxd4 Re3 38. h4 g4 39. Rd3 Re2+ 40. Kg3 Re1 41. Rd2 Re3+ 42. Kg2 Bf5 43. Kf2 Rh3 44. Kg1 Rxh4 45. Bf1 g3 46. Rg2 Rg4 47. Be2 Rg5 48. Bf3 h5 49. b4 axb4 50. a5 h4 51. Rb2 h3 52. a6 g2 53. Bxg2 Be4 0-1

[Event "Cappelle op 09th"]
[Site "Cappelle la Grande"]
[Date "1993.??.??"]
[Round "4"]
[White "Lukov, Valentin"]
[Black "Geller, Efim P"]
[Result "1/2-1/2"]
[WhiteElo "2410"]
[BlackElo "2515"]
[PlyCount "43"]
[EventDate "1993.02.??"]
[EventType "swiss"]
[EventRounds "9"]
[EventCountry "FRA"]
[SourceTitle "TD"]
[Source "ChessBase"]
[SourceDate "1994.03.01"]
[SourceVersion "1"]
[SourceVersionDate "1994.03.01"]
[SourceQuality "1"]

1. Nf3 d5 2. g3 c6 3. Bg2 Nf6 4. d4 Bf5 5. 0-0 e6 6. c4 Nbd7 7. Qb3 Qb6 8. Nbd2 Be7 9. Nh4 Qxb3 10. Nxb3 Be4 11. cxd5 Bxg2 12. Kxg2 cxd5 13. Na5 Bb4 14. Nxb7 Rb8 15. a3 Bxa3 16. Rxa3 Rxb7 17. Nf3 0-0 18. Ne1 Rc8 19. Nd3 Rc2 20. Re1 Ne4 21. Kf1 Nd6 22. Rd1 1/2-1/2

[Event "Women-Veterans"]
[Site "Vienna"]
[Date "1993.??.??"]
[Round "?"]
[White "Polgar, Sofia"]
[Black "Geller, Efim P"]
[Result "0-1"]
[WhiteElo "2415"]
[BlackElo "2515"]
[PlyCount "82"]
[EventDate "1993.06.??"]
[EventType "schev"]
[EventRounds "6"]
[EventCountry "AUT"]
[SourceTitle "TD"]
[Source "ChessBase"]
[SourceDate "1994.03.01"]
[SourceVersion "1"]
[SourceVersionDate "1994.03.01"]
[SourceQuality "1"]

1. e4 e5 2. Nf3 Nc6 3. d4 exd4 4. Nxd4 Bc5 5. Be3 Qf6 6. c3 Nge7 7. Bc4 Bb6 8. 0-0 0-0 9. Kh1 d5 10. exd5 Ne5 11. Bb3 Ng4 12. h3 Nxe3 13. fxe3 Qh6 14. Qf3 Bd7 15. Na3 c5 16. dxc6 Nxc6 17. Nxc6 Bxc6 18. e4 Bc7 19. Rae1 Kh8 20. Qg4 Rae8 21. Rxf7 Rxf7 22. Bxf7 Qd2 23. Nc2 Rf8 24. e5 Rxf7 25. Qc8+ Qd8 26. Qxd8+ Bxd8 27. Nd4 g6 28. Rd1 Bb6 29. e6 Re7 30. Nxc6 bxc6 31. Rd6 c5 32. g4 g5 33. b4 cxb4 34. cxb4 Kg7 35. a4 Kf6 36. a5 Be3 37. b5 Rxe6 38. Rxe6+ Kxe6 39. b6 axb6 40. axb6 Bxb6 41. h4 h6 0-1

[Event "Tilburg"]
[Site "Tilburg"]
[Date "1993.??.??"]
[Round "1"]
[White "Van Wely, Loek"]
[Black "Geller, Efim P"]
[Result "1-0"]
[WhiteElo "2585"]
[BlackElo "2505"]
[PlyCount "91"]
[EventDate "1993.11.??"]
[EventType "k.o."]
[EventRounds "7"]
[EventCountry "NED"]
[SourceTitle "CBM 039"]
[Source "ChessBase"]
[SourceDate "1994.04.01"]
[SourceVersion "1"]
[SourceVersionDate "1994.04.01"]
[SourceQuality "1"]

1. d4 d5 2. c4 e6 3. Nc3 Be7 4. Nf3 Nf6 5. Bg5 h6 6. Bxf6 Bxf6 7. e3 0-0 8. Qc2 c5 9. dxc5 Qa5 10. cxd5 exd5 11. 0-0-0 Be6 12. Nxd5 Rc8 13. Kb1 Rxc5 14. b4 Rxc2 15. Nxf6+ gxf6 16. bxa5 Rxf2 17. Rd8+ Kg7 18. Nd4 Bxa2+ 19. Ka1 f5 20. Bd3 f4 21. exf4 Nc6 22. Nxc6 Rxd8 23. Nxd8 Bd5 24. Rd1 Ra2+ 25. Kb1 Rxa5 26. Rc1 Ra3 27. Bc4 Bxc4 28. Rxc4 Rd3 29. Rc8 a5 30. Kc2 Rd7 31. Kb3 b5 32. Nc6 Rd2 33. g3 a4+ 34. Kb4 Rb2+ 35. Kc5 a3 36. Ra8 a2 37. Nb4 Rxh2 38. Rxa2 Rxa2 39. Nxa2 Kf6 40. Nc3 Kf5 41. Nxb5 Kg4 42. Kd4 Kxg3 43. Ke3 f6 44. Nd6 Kg4 45. Ne4 f5 46. Nf6+ 1-0

[Event "Interpolis"]
[Site "Tilburg"]
[Date "1992.10.09"]
[Round "1.2"]
[White "Chandler, Murray G"]
[Black "Geller, Efim P"]
[Result "1-0"]
[WhiteElo "2575"]
[BlackElo "2525"]
[PlyCount "75"]
[EventDate "1992.10.08"]
[EventType "k.o."]
[EventRounds "7"]
[EventCountry "NED"]
[SourceTitle "CBM 032"]
[Source "ChessBase"]
[SourceDate "1993.02.01"]
[SourceVersion "1"]
[SourceVersionDate "1993.02.01"]
[SourceQuality "1"]

1. e4 e5 2. Nf3 Nc6 3. Nc3 g6 4. d4 exd4 5. Nxd4 Bg7 6. Be3 Nf6 7. Qd2 0-0 8. 0-0-0 Re8 9. f3 d5 10. exd5 Nxd5 11. Nxc6 bxc6 12. Nxd5 cxd5 13. Bd4 Bxd4 14. Qxd4 Be6 15. h4 Qe7 16. h5 c5 17. Qe5 f6 18. Qe1 Rab8 19. hxg6 hxg6 20. Qh4 Qg7 21. Bd3 Bf7 22. c3 d4 23. c4 Rb4 24. Rde1 Reb8 25. b3 a5 26. Re7 a4 27. Bxg6 Bxg6 28. Rxg7+ Kxg7 29. Re1 R8b7 30. Re6 Rf7 31. Kb2 axb3 32. axb3 d3 33. Qf4 Rbb7 34. Kc3 Rbd7 35. Kd2 Rde7 36. Qd6 Rxe6 37. Qxe6 Ra7 38. Kc3 1-0

[Event "Dortmund op-A"]
[Site "Dortmund"]
[Date "1992.??.??"]
[Round "6"]
[White "Braun, Gottfried"]
[Black "Geller, Efim P"]
[Result "0-1"]
[WhiteElo "2385"]
[BlackElo "2535"]
[PlyCount "82"]
[EventDate "1992.04.??"]
[EventType "swiss"]
[EventRounds "11"]
[EventCountry "GER"]
[SourceTitle "TD"]
[Source "ChessBase"]
[SourceDate "1994.03.01"]
[SourceVersion "1"]
[SourceVersionDate "1994.03.01"]
[SourceQuality "1"]

1. e4 e5 2. Nf3 Nc6 3. Nc3 g6 4. d4 exd4 5. Nxd4 Bg7 6. Be3 Nf6 7. Qd2 0-0 8. 0-0-0 Re8 9. f3 d5 10. Bb5 Bd7 11. exd5 Nxd4 12. Bxd4 Bxb5 13. Nxb5 Qxd5 14. Nc3 Qc6 15. Qg5 Rad8 16. Bf2 a6 17. Rxd8 Rxd8 18. Re1 Re8 19. Rxe8+ Qxe8 20. Qe3 Qc6 21. Qd3 h5 22. Bg3 Qc5 23. Qd8+ Kh7 24. Qd1 b5 25. Kb1 b4 26. Ne2 Nd5 27. Qd3 a5 28. a4 c6 29. Bb8 Qf2 30. Nc1 Qxg2 31. Nb3 Qg5 32. Ba7 Qe5 33. Bd4 Qxh2 34. Bxg7 Kxg7 35. Nxa5 Qg1+ 36. Ka2 Qa7 37. Nc4 Qxa4+ 38. Kb1 Qa7 39. Qe4 Qe7 40. Qd4+ Qf6 41. Ne5 Nf4 0-1

[Event "Women-Veterans"]
[Site "Aruba"]
[Date "1992.??.??"]
[Round "1"]
[White "Chiburdanidze, Maia"]
[Black "Geller, Efim P"]
[Result "1/2-1/2"]
[WhiteElo "2505"]
[BlackElo "2525"]
[PlyCount "52"]
[EventDate "1992.08.??"]
[EventType "schev"]
[EventRounds "6"]
[EventCountry "NAU"]
[SourceTitle "CBM 033"]
[Source "ChessBase"]
[SourceDate "1993.04.01"]
[SourceVersion "1"]
[SourceVersionDate "1993.04.01"]
[SourceQuality "1"]

1. d4 d5 2. c4 e6 3. Nc3 Be7 4. Nf3 Nf6 5. Bf4 0-0 6. e3 c5 7. dxc5 Bxc5 8. cxd5 Nxd5 9. Nxd5 exd5 10. a3 Nc6 11. Bd3 Bb6 12. 0-0 Bg4 13. h3 Bh5 14. b4 Re8 15. g4 Bg6 16. Bxg6 hxg6 17. b5 Na5 18. Qd3 Nc4 19. Qb3 Qf6 20. Rad1 Rad8 21. Kg2 Qe7 22. Rd3 Qe4 23. Kg3 Nb2 24. Rd2 Nc4 25. Rd3 Nb2 26. Rd2 Nc4 1/2-1/2

[Event "Helsinki op"]
[Site "Helsinki"]
[Date "1992.??.??"]
[Round "6"]
[White "Ernst, Thomas"]
[Black "Geller, Efim P"]
[Result "1-0"]
[WhiteElo "2570"]
[BlackElo "2525"]
[PlyCount "117"]
[EventDate "1992.09.??"]
[EventType "swiss"]
[EventRounds "9"]
[EventCountry "FIN"]
[SourceTitle "CBM 032"]
[Source "ChessBase"]
[SourceDate "1993.02.01"]
[SourceVersion "1"]
[SourceVersionDate "1993.02.01"]
[SourceQuality "1"]

1. e4 e5 2. Nf3 Nc6 3. Bb5 a6 4. Ba4 Nf6 5. 0-0 Be7 6. Re1 b5 7. Bb3 d6 8. c3 0-0 9. h3 h6 10. d4 Re8 11. Nbd2 Bf8 12. Bc2 Bd7 13. Bd3 g6 14. a3 Bg7 15. b3 Nh5 16. Bb2 Nf4 17. Bf1 f5 18. dxe5 fxe4 19. Rxe4 dxe5 20. c4 Bf5 21. Re3 e4 22. Bxg7 Kxg7 23. cxb5 axb5 24. Bxb5 exf3 25. Nxf3 Qf6 26. Rc1 Rxe3 27. fxe3 Rd8 28. Qf1 Bd3 29. Rxc6 Bxf1 30. Rxf6 Kxf6 31. Kxf1 Nd5 32. e4 Ne3+ 33. Kf2 Nd1+ 34. Kg3 Nc3 35. Bc6 Rb8 36. e5+ Ke7 37. Nd4 Rd8 38. Nf3 Ke6 39. Kf4 Rd3 40. a4 g5+ 41. Kg4 Nd5 42. Kh5 Nf4+ 43. Kxh6 Ke7 44. b4 Nxg2 45. Kxg5 Rd8 46. a5 Rg8+ 47. Kf5 Rf8+ 48. Ke4 Rf4+ 49. Kd3 Rxb4 50. a6 Rb3+ 51. Kc4 Ra3 52. Bb7 Ne3+ 53. Kb4 Nc2+ 54. Kb5 Ke6 55. h4 Rb3+ 56. Kc4 Ra3 57. h5 c6 58. Bc8+ Ke7 59. Ng5 1-0

[Event "Women-Veterans"]
[Site "Aruba"]
[Date "1992.??.??"]
[Round "2"]
[White "Geller, Efim P"]
[Black "Cramling, Pia"]
[Result "0-1"]
[WhiteElo "2525"]
[BlackElo "2530"]
[PlyCount "120"]
[EventDate "1992.08.??"]
[EventType "schev"]
[EventRounds "6"]
[EventCountry "NAU"]
[SourceTitle "CBM 033"]
[Source "ChessBase"]
[SourceDate "1993.04.01"]
[SourceVersion "1"]
[SourceVersionDate "1993.04.01"]
[SourceQuality "1"]

1. e4 c5 2. Nf3 e6 3. d4 cxd4 4. Nxd4 Nc6 5. Nb5 d6 6. c4 Nf6 7. N1c3 a6 8. Na3 Be7 9. Be2 b6 10. 0-0 0-0 11. Re1 Bb7 12. Bf1 Rc8 13. b3 Nb8 14. Bb2 Nbd7 15. Re3 Rc7 16. Nc2 Qa8 17. Qe2 Re8 18. Re1 Bf8 19. f4 g6 20. Rh3 h5 21. Rg3 Bg7 22. Rd3 Nc5 23. Rxd6 Nfxe4 24. Nxe4 Bxb2 25. Ng5 Rd8 26. Rxd8+ Qxd8 27. Rd1 Rd7 28. Rxd7 Qxd7 29. Nf3 Ne4 30. Qe3 Qd6 31. Nfd4 Bc3 32. g3 Bd2 33. Qe2 Bc1 34. Bg2 f5 35. Nf3 Qc5+ 36. Kf1 Bb2 37. b4 Qd6 38. a3 Bf6 39. Nce1 Nc3 40. Qe3 Ne4 41. Nd3 Kg7 42. Nfe5 Bxe5 43. fxe5 Qd7 44. c5 bxc5 45. Bxe4 Bxe4 46. Nxc5 Qd1+ 47. Kf2 Bd5 48. h4 Bc4 49. Qe1 Qd4+ 50. Qe3 Qd1 51. Qe1 Qc2+ 52. Kf3 Qb2 53. Qe3 Bd5+ 54. Kf4 Qc2 55. Kg5 Qd1 56. Qf4 Ba2 57. Nb7 Qd7 58. Qf2 Qe7+ 59. Kf4 Qxb7 60. Qc2 Bb3 0-1

[Event "Dortmund op-A"]
[Site "Dortmund"]
[Date "1992.??.??"]
[Round "1"]
[White "Geller, Efim P"]
[Black "Kaeser, Udo"]
[Result "0-1"]
[WhiteElo "2535"]
[BlackElo "2280"]
[PlyCount "94"]
[EventDate "1992.04.??"]
[EventType "swiss"]
[EventRounds "11"]
[EventCountry "GER"]
[SourceTitle "TD"]
[Source "ChessBase"]
[SourceDate "1994.03.01"]
[SourceVersion "1"]
[SourceVersionDate "1994.03.01"]
[SourceQuality "1"]

1. e4 c5 2. Nf3 Nc6 3. d4 cxd4 4. Nxd4 e5 5. Nb5 d6 6. N1c3 a6 7. Na3 b5 8. Nd5 Be7 9. c4 b4 10. Nc2 Rb8 11. a3 bxa3 12. b4 Nf6 13. b5 axb5 14. cxb5 Nd4 15. Nxd4 exd4 16. Rxa3 Nxd5 17. exd5 0-0 18. Bd3 Bg5 19. 0-0 Bxc1 20. Qxc1 Qf6 21. Re1 Bf5 22. Qf4 Bxd3 23. Qxf6 gxf6 24. Rxd3 Rxb5 25. Rxd4 Rc8 26. h3 f5 27. Red1 Rcc5 28. Kh2 Kg7 29. Kg3 Kg6 30. R1d3 Rc2 31. Ra4 Rcc5 32. Rad4 Rc2 33. Rh4 Rcc5 34. Kh2 h6 35. Rg3+ Kh7 36. Rg5 Rc4 37. g4 fxg4 38. hxg4 Rf4 39. Kg3 Rf6 40. Rgh5 Rb3+ 41. Kg2 Rb2 42. Kg1 Rfxf2 43. Rxh6+ Kg7 44. Rh7+ Kg6 45. R4h6+ Kg5 46. Rxd6 Rg2+ 47. Kf1 Rgc2 0-1

[Event "Moscow Alekhine op"]
[Site "Moscow"]
[Date "1992.??.??"]
[Round "?"]
[White "Geller, Efim P"]
[Black "Kholmov, Ratmir D"]
[Result "1-0"]
[WhiteElo "2525"]
[BlackElo "2485"]
[PlyCount "61"]
[EventDate "1992.10.??"]
[EventType "swiss"]
[EventRounds "9"]
[EventCountry "RUS"]
[SourceTitle "CBM 033"]
[Source "ChessBase"]
[SourceDate "1993.04.01"]
[SourceVersion "1"]
[SourceVersionDate "1993.04.01"]
[SourceQuality "1"]

1. e4 e6 2. d4 d5 3. Nd2 c5 4. exd5 exd5 5. Ngf3 Nc6 6. Bb5 Bd6 7. dxc5 Bxc5 8. 0-0 Nge7 9. Nb3 Bd6 10. Re1 0-0 11. Bd2 Bg4 12. Bc3 Bc7 13. Be2 Qd6 14. Nbd4 a6 15. g3 Rfe8 16. Nh4 Bxe2 17. Qxe2 Qd7 18. Qh5 Nxd4 19. Bxd4 f6 20. Rad1 Nc6 21. Nf5 g6 22. Rxe8+ Qxe8 23. Nh6+ Kg7 24. Qh4 Nxd4 25. Rxd4 f5 26. Rxd5 Bd8 27. Qf4 Rc8 28. Nxf5+ gxf5 29. Qxf5 Rc7 30. Qg4+ Kf8 31. Qd4 1-0